Statystyki dla Warstwy lasu

Kliknij tutaj aby rozwiązać quiz!

Ogólne statystyki

  • Ten quiz został rozwiązany 323 razy
  • Średni wynik to 2 z 5

Statystyki odpowiedzi

Hint Answer % poprawnych
3runo leśne
77%
1drzewa
59%
2podszyt
43%
5ściółka leśna
32%
4mech
8%

Rozkład punktacji

Percentyl według liczby udzielonych odpowiedzi

Procent ludzi z każdym wynikiem

Twoja historia wyników

Nie rozwiązałeś tego quizu